Turtles and Tortoises - Statistics

General Stats
  • This quiz has been taken 92 times
  • The average score is 7 of 16
Answer Stats
Picture Answer % Correct
Leatherback Turtle
84%
Alligator Snapping Turtle
80%
Green Sea Turtle
80%
Florida Box Turtle
69%
Galapagos Tortoise
53%
Loggerhead Turtle
51%
Painted Turtle
50%
Hawksbill Turtle
40%
Olive Ridley Sea Turtle
33%
Desert Tortoise
27%
Kemps Ridley Sea Turtle
26%
Black-Knobbed Map Turtle
21%
Eastern Mud Turtle
21%
Gopher Tortoise
20%
Chicken Turtle
7%
Berlandier Tortoise
3%
No matching quizzes found
Score Distribution
Percent of People with Each Score
Percentile by Number Answered
Your Score History
You have not taken this quiz